000 00420mam a2200145 4500
082 _a530
_bREI
_cD
100 1 _aReif, F.
_939740
245 1 0 _aStatistical physics
_c[by] F. Reif.
260 _aNew York,
_bMcGraw-Hill
_c[1965]
300 _axxi, 398 p.
_billus.
_c24 cm.
490 1 _aBerkeley physics course ;
526 _a0
_b0
_c0
_d530_000000000000000_REI
650 0 _aStatistical mechanics.
_934451
942 _2ddc
_cBK
999 _c544185
_d544185